| 000 | 00333nam a2200145Ia 4500 | ||
|---|---|---|---|
| 008 | 230917s9999||||xx |||||||||||||| ||und|| | ||
| 040 |
_e39786 _aMAIN |
||
| 041 | _aEnglish | ||
| 082 | _a821.8 E46S | ||
| 100 | _aEliot, T S | ||
| 245 | 0 | _aSelected poems | |
| 260 |
_aLondon _bFaber and Faber _c1962 |
||
| 300 | _a127 p. | ||
| 942 | _cBK | ||
| 999 |
_c50218 _d50218 |
||